000 00437nam a2200157 i 4500
001 34593
003 ES-MaACL
005 20230906154948.0
007 t|
008 030207s1919 fr ||||1| fre d
100 1 _aBoigey, Maurice.
_929844
245 1 0 _aPhysiologie generale de l'education physique /
_cMaurice Boigey.
260 _aParĂ­s :
_b[s.n.,
_c1919] (
_fJ. Dumoulin)
300 _a335 p. ;
_c23 cm.
852 _aES-MaACL
_jF-1780
999 _c34593
_d34593